<?xml version="1.0" encoding="UTF-8"?>
<record
    xmlns:xsi="http://www.w3.org/2001/XMLSchema-instance"
    xsi:schemaLocation="http://www.loc.gov/MARC21/slim http://www.loc.gov/standards/marcxml/schema/MARC21slim.xsd"
    xmlns="http://www.loc.gov/MARC21/slim">

  <leader>01397nam a2200289 a 4500</leader>
  <controlfield tag="001">44253</controlfield>
  <controlfield tag="003">BD-RjUL</controlfield>
  <controlfield tag="005">20211209053826.0</controlfield>
  <controlfield tag="008">160716s2013    ii ||||| |||| 00| 0 ben d</controlfield>
  <datafield tag="020" ind1=" " ind2=" ">
    <subfield code="a">9788129517029</subfield>
    <subfield code="c">: IRs. 300.00</subfield>
  </datafield>
  <datafield tag="035" ind1=" " ind2=" ">
    <subfield code="a">(BD-RjUL)44371</subfield>
  </datafield>
  <datafield tag="040" ind1=" " ind2=" ">
    <subfield code="a">BD-RjUL</subfield>
    <subfield code="b">ben</subfield>
    <subfield code="c">BD-RjUL</subfield>
  </datafield>
  <datafield tag="041" ind1=" " ind2=" ">
    <subfield code="a">ben</subfield>
  </datafield>
  <datafield tag="082" ind1=" " ind2=" ">
    <subfield code="2">23</subfield>
    <subfield code="a">491.4403</subfield>
    <subfield code="b">CHE 2013</subfield>
  </datafield>
  <datafield tag="100" ind1=" " ind2=" ">
    <subfield code="a">&#x99A;&#x9A8;&#x9CD;&#x9A6;&#x9CD;&#x9B0;, &#x9A6;&#x9C0;&#x9AA;&#x995;</subfield>
    <subfield code="9">135872</subfield>
  </datafield>
  <datafield tag="245" ind1="1" ind2="0">
    <subfield code="a">&#x98F;&#x995;&#x99F;&#x9BF; &#x9AC;&#x9CD;&#x9AF;&#x9A4;&#x9BF;&#x995;&#x9CD;&#x9B0;&#x9AE;&#x9C0; &#x9A6;&#x9CD;&#x9AC;&#x9BF;&#x9AD;&#x9BE;&#x9B7;&#x9BF;&#x995; &#x9A6;&#x9C7;'&#x99C; &#x985;&#x9AD;&#x9BF;&#x9A8;&#x9AC; &#x985;&#x9AD;&#x9BF;&#x9A7;&#x9BE;&#x9A8; :</subfield>
    <subfield code="b">&#x9AC;&#x9BE;&#x982;&#x9B2;&#x9BE; &#x9A5;&#x9C7;&#x995;&#x9C7; &#x9AC;&#x9BE;&#x982;&#x9B2;&#x9BE; &#x993; &#x987;&#x982;&#x9B0;&#x9C7;&#x99C;&#x9BF; &#x9AA;&#x9CD;&#x9B0;&#x9A4;&#x9BF;&#x9B6;&#x9AC;&#x9CD;&#x9A6; = Bengali to Bengali and Bengali to English Dictionary /</subfield>
    <subfield code="c">&#x9A6;&#x9C0;&#x9AA;&#x995; &#x99A;&#x9A8;&#x9CD;&#x9A6;&#x9CD;&#x9B0; &#x993; &#x987;&#x9B2;&#x9BE; &#x99A;&#x9A8;&#x9CD;&#x9A6;&#x9CD;&#x9B0;</subfield>
  </datafield>
  <datafield tag="250" ind1=" " ind2=" ">
    <subfield code="a">&#x9E7;&#x9AE; &#x9A6;&#x9C7;'&#x99C; &#x9B8;&#x982;.</subfield>
  </datafield>
  <datafield tag="260" ind1=" " ind2=" ">
    <subfield code="a">&#x995;&#x9B2;&#x995;&#x9BE;&#x9A4;&#x9BE; :</subfield>
    <subfield code="b"> &#x9A6;&#x9C7;'&#x99C; &#x9AA;&#x9BE;&#x9AC;&#x9B2;&#x9BF;&#x9B6;&#x9BF;&#x982;,</subfield>
    <subfield code="c">&#x9E8;&#x9E6;&#x9E7;&#x9E9;</subfield>
  </datafield>
  <datafield tag="300" ind1=" " ind2=" ">
    <subfield code="a">[&#x9E7;&#x9EC;], &#x9EB;&#x9EC;&#x9E6; &#x9AA;&#x9C3;. ;</subfield>
    <subfield code="c">&#x9E8;&#x9E8; &#x9B8;&#x9C7;&#x9AE;&#x9BF;.</subfield>
  </datafield>
  <datafield tag="600" ind1=" " ind2=" ">
    <subfield code="c"> </subfield>
    <subfield code="9">136268</subfield>
  </datafield>
  <datafield tag="650" ind1=" " ind2=" ">
    <subfield code="a">&#x9AC;&#x9BE;&#x982;&#x9B2;&#x9BE; &#x9AD;&#x9BE;&#x9B7;&#x9BE;	      </subfield>
    <subfield code="v">&#x985;&#x9AD;&#x9BF;&#x9A7;&#x9BE;&#x9A8;</subfield>
    <subfield code="x">&#x987;&#x982;&#x9B0;&#x9C7;&#x99C;&#x9BF;</subfield>
    <subfield code="9">135874</subfield>
  </datafield>
  <datafield tag="650" ind1=" " ind2=" ">
    <subfield code="a">Bengali language</subfield>
    <subfield code="v">Dictionaries </subfield>
    <subfield code="x">English</subfield>
    <subfield code="9">135875</subfield>
  </datafield>
  <datafield tag="650" ind1=" " ind2=" ">
    <subfield code="a">&#x9AC;&#x9BE;&#x982;&#x9B2;&#x9BE; &#x9AD;&#x9BE;&#x9B7;&#x9BE;	     </subfield>
    <subfield code="v">&#x985;&#x9AD;&#x9BF;&#x9A7;&#x9BE;&#x9A8;</subfield>
    <subfield code="9">135876</subfield>
  </datafield>
  <datafield tag="650" ind1=" " ind2=" ">
    <subfield code="a">Bengali language</subfield>
    <subfield code="v">Dictionaries. </subfield>
    <subfield code="9">116749</subfield>
  </datafield>
  <datafield tag="700" ind1=" " ind2=" ">
    <subfield code="a">&#x99A;&#x9A8;&#x9CD;&#x9A6;&#x9CD;&#x9B0;, &#x987;&#x9B2;&#x9BE;, &#x9AF;&#x9C1;&#x997;&#x9CD;&#x9AE; &#x9B2;&#x9C7;&#x996;&#x995;</subfield>
    <subfield code="9">135877</subfield>
  </datafield>
  <datafield tag="942" ind1=" " ind2=" ">
    <subfield code="2">ddc</subfield>
    <subfield code="c">REF</subfield>
  </datafield>
  <datafield tag="999" ind1=" " ind2=" ">
    <subfield code="c">44253</subfield>
    <subfield code="d">44253</subfield>
  </datafield>
  <datafield tag="952" ind1=" " ind2=" ">
    <subfield code="0">0</subfield>
    <subfield code="1">0</subfield>
    <subfield code="2">ddc</subfield>
    <subfield code="4">0</subfield>
    <subfield code="7">1</subfield>
    <subfield code="8">REF</subfield>
    <subfield code="a">RUCL</subfield>
    <subfield code="b">RUCL</subfield>
    <subfield code="c">Reference</subfield>
    <subfield code="d">2015-07-05</subfield>
    <subfield code="e">Chittagaon, Batighor</subfield>
    <subfield code="g">660.00</subfield>
    <subfield code="l">0</subfield>
    <subfield code="o">BR 491.4403 CHE 2013</subfield>
    <subfield code="r">2016-07-16 00:00:00</subfield>
    <subfield code="t">C-1</subfield>
    <subfield code="w">2021-12-09</subfield>
    <subfield code="y">REF</subfield>
  </datafield>
  <datafield tag="952" ind1=" " ind2=" ">
    <subfield code="0">0</subfield>
    <subfield code="1">0</subfield>
    <subfield code="2">ddc</subfield>
    <subfield code="4">0</subfield>
    <subfield code="7">1</subfield>
    <subfield code="8">REF</subfield>
    <subfield code="a">RUCL</subfield>
    <subfield code="b">RUCL</subfield>
    <subfield code="c">Reference</subfield>
    <subfield code="d">2015-07-05</subfield>
    <subfield code="e">Chittagaon, Batighor</subfield>
    <subfield code="g">660.00</subfield>
    <subfield code="l">0</subfield>
    <subfield code="o">BR 491.4403 CHE 2013</subfield>
    <subfield code="r">2016-07-16 00:00:00</subfield>
    <subfield code="t">C-2</subfield>
    <subfield code="w">2021-12-09</subfield>
    <subfield code="y">REF</subfield>
  </datafield>
  <datafield tag="952" ind1=" " ind2=" ">
    <subfield code="0">0</subfield>
    <subfield code="1">0</subfield>
    <subfield code="2">ddc</subfield>
    <subfield code="4">0</subfield>
    <subfield code="7">1</subfield>
    <subfield code="8">REF</subfield>
    <subfield code="a">RUCL</subfield>
    <subfield code="b">RUCL</subfield>
    <subfield code="c">Reference</subfield>
    <subfield code="d">2015-07-05</subfield>
    <subfield code="e">Chittagaon, Batighor</subfield>
    <subfield code="g">660.00</subfield>
    <subfield code="l">0</subfield>
    <subfield code="o">BR 491.4403 CHE 2013</subfield>
    <subfield code="r">2016-07-16 00:00:00</subfield>
    <subfield code="t">C-3</subfield>
    <subfield code="w">2021-12-09</subfield>
    <subfield code="y">REF</subfield>
  </datafield>
</record>
